01009nam a22002297a 4500003000900000005001700009008004100026040001300067041000800080082001300088110004700101245006700148260005000215300002300265440005400288504004000342650003900382650016300421942001200584952016600596999001700762BDDh-ASL20231120150217.0231120b1998 nyu||||| |||| 00| 0 eng d cBDDh-ASL aeng a954bROY1 aCambridge University Press, London. 9822910aTransactions of the Royal Historical Society: bVolume- VIII./ aLondon: bCambridge University Press, c1998. a386 p.: c22 c.m.  aRoyal Historical Society: Sixth Series 98344n 8 aInclude Bibliographical References. 0aHistory (ইতিহাস)94586 0aHistory and Heritage (ইতিহাস ও ঐতিহ্য) , ইতিহাস, History, Etihas, Itihas O Oitijjo, Etihash O Aitijjaya , Aitijjha97488 2ddccBK 00102ddc40708NFICaASLbASLcSICd2023-11-20eDonated by Prof. Sirajul Islam, FRHShV-8l0o954 ROYp125116r2023-11-20 00:00:00tC-1w2023-11-20yBKzY-1998 c34424d34424